000 00954nam0a22002411 4500
001 rc\2795892
005 20250529172743.0
035 _a(NLR Aleph) 006921943
090 _a7456076
_c7456076
100 _a20110915d1936 |||y0rusy50 ca
101 0 _arus
102 _aRU
105 _ay z |||||
200 1 _aАнглийская отделка камвольных тканей высшего качества
_e"Шпиннер унд Вебер", 1935 г. № 50
210 _a[Москва]
_cРед. журн. "Шерстяное дело"
_d1936
_gстеклогр. НКПС
215 _a8 с.
_d29х21 см.
225 1 _aАбонемент
_fНКЛП СССР ГШУ. Ред. журн. "Шерстяное дело". Бюро техн.-экон. информации
_v№ 6, 1935 г. Статья № 4
801 0 _aRU
_bNLR
_gpsbo
801 1 _aRU
_bELAR
_2rusmarc
852 _aNLR
_j34-20/251-6-4
942 _cBOOK
980 _aNB